Sports Quiz

Random Sports or World Quiz

Test Cricket Runs by Year (Australia) Quiz Stats

 Plays Quiz not verified by Sporcle

Challenge
Share
Tweet
Embed
Score 0/71 Timer 10:00
1 Play Today
Year Player % Correct
2003Ricky Ponting
96.4%
2005Ricky Ponting
96.4%
2006Ricky Ponting
96.4%
2008Ricky Ponting
96.4%
2014Steve Smith
94.3%
2015Steve Smith
94.3%
2016Steve Smith
94.3%
2001Matthew Hayden
92.9%
2002Matthew Hayden
92.9%
1995Steve Waugh
92%
1996Steve Waugh
92%
2012Michael Clarke
91.3%
2013Michael Clarke
90.6%
2000Justin Langer
89%
2004Justin Langer
89%
1946Don Bradman
89%
1948Don Bradman
89%
1984Allan Border
84.8%
1985Allan Border
84.8%
1986Allan Border
84.8%
1987Allan Border
84.8%
1989Mark Taylor
80.3%
1990Mark Taylor
80.3%
1998Mark Taylor
80.3%
1972Greg Chappell
76.4%
1974Greg Chappell
76.4%
1976Greg Chappell
76.4%
1977Greg Chappell
76.4%
1980Greg Chappell
76.4%
1973Ian Chappell
76.3%
1975Ian Chappell
76.3%
1988David Boon
76.2%
1991David Boon
76.2%
1992David Boon
76.2%
1993David Boon
76.2%
2011Michael Hussey
75.4%
Year Player % Correct
2010Michael Hussey
72.2%
1994Michael Slater
69.6%
1999Michael Slater
69.6%
1979Kim Hughes
64.1%
1981Kim Hughes
64.1%
2009Simon Katich
63.3%
1949Neil Harvey
49.2%
1950Neil Harvey
49.2%
1952Neil Harvey
49.2%
1953Neil Harvey
49.2%
1954Neil Harvey
49.2%
1955Neil Harvey
49.2%
1958Neil Harvey
49.2%
1964Bob Simpson
47.4%
1966Bob Simpson
47.4%
1967Bob Simpson
47.4%
1965Bill Lawry
45.4%
1968Bill Lawry
45.4%
1997Greg Blewett
41%
1969Doug Walters
34.4%
1947Arthur Morris
29.9%
1983Graham Yallop
29.8%
2007Phil Jaques
27.8%
1970Ian Redpath
26.4%
1978Graeme Wood
25.2%
1971Keith Stackpole
22.9%
1951Lindsay Hassett
19.2%
1960Norm O'Neill
17.3%
1961Norm O'Neill
17.3%
1963Norm O'Neill
17.3%
1982John Dyson
16.1%
1959Colin McDonald
13.8%
1962Brian Booth
8.7%
1956Jim Burke
8.7%
1957Jim Burke
8.7%

You're not logged in!

Compare scores with friends on all Sporcle quizzes.
Join for Free
OR
Log In

You Might Also Like...

Show Comments

Extras

Top Quizzes Today


Score Distribution

Your Account Isn't Verified!

In order to create a playlist on Sporcle, you need to verify the email address you used during registration. Go to your Sporcle Settings to finish the process.

Report this User

Report this user for behavior that violates our Community Guidelines.

Details: